Dopravná infraštruktúra a moderné metódy jej hodnotenia
Zmeny v svetovom prepravnom trhu, nástup éry modernej logistiky a moderných dodávateľských reťazcov. Rozhodujúcim prvkom stále viac sa globalizujúceho prepravného trhu sa stáva zákazník. Rastúci dopyt po domácej a najmä medzinárodnej nákladnej doprave. Dopravná infraštruktúra - vybrané definície a c...
Guardado en:
| Autor principal: | |
|---|---|
| Otros Autores: | |
| Formato: | Capítulo de libro |
| Lenguaje: | eslovaco |
| Materias: | |
| Etiquetas: |
Sin Etiquetas, Sea el primero en etiquetar este registro!
|
MARC
| LEADER | 00000naa$a2200000$$$4500 | ||
|---|---|---|---|
| 001 | 0091203 | ||
| 005 | 20221207083411.5 | ||
| 041 | 0 | |a slo | |
| 044 | |a SK | ||
| 245 | 1 | 0 | |a Dopravná infraštruktúra a moderné metódy jej hodnotenia |c Tomáš Halán, Lucia Némethyová |
| 520 | |a Zmeny v svetovom prepravnom trhu, nástup éry modernej logistiky a moderných dodávateľských reťazcov. Rozhodujúcim prvkom stále viac sa globalizujúceho prepravného trhu sa stáva zákazník. Rastúci dopyt po domácej a najmä medzinárodnej nákladnej doprave. Dopravná infraštruktúra - vybrané definície a charakteristiky. Dopravný systém, dopravná sieť, dopravná cesta. Optimalizácia dopravnej infraštruktúry. Hodnotenie dopravnej infraštruktúry metódou benchmarkingu. | ||
| 610 | 2 | 0 | |a doprava |
| 610 | 2 | 0 | |a infraštruktúra |
| 610 | 2 | 0 | |a pojmy |
| 610 | 2 | 0 | |a benchmarking |
| 100 | 1 | |a Halán, Tomáš | |
| 700 | 1 | |a Némethyová, Lucia | |